Fundamentals of Management

Gespeichert in:
Bibliographische Detailangaben
1. Verfasser: Donnelly, James H.
Weitere Verfasser: Gibson, James L., Ivancevich, John M.
Format: Buch
Sprache:Englisch
Veröffentlicht: Plano Business Pub. 1987
Ausgabe:6. ed.
Tags: Tag hinzufügen
Keine Tags, Fügen Sie das erste Tag hinzu!

MARC

LEADER 00000nam a2200000 4500
001 c025062
005 20221219115907.2
041 0 |a eng 
044 |a US 
245 1 0 |a Fundamentals of Management  |c James H. Donnelly, James L. Gibson, John M. Ivancevich 
250 |a 6. ed. 
264 1 |a Plano  |b Business Pub.  |c 1987 
300 |a 827 s. 
100 1 |a Donnelly, James H. 
700 1 |a Gibson, James L. 
700 1 |a Ivancevich, John M.